Report of the committee on Privacy (Record no. 489217)

000 -LEADER
fixed length control field 00411cam a22001337a 4500
008 - FIXED-LENGTH DATA ELEMENTS--GENERAL INFORMATION
fixed length control field 180718b1972 xxu||||| |||| 00| 0 eng d
082 ## - DEWEY DECIMAL CLASSIFICATION NUMBER
Classification number C41x42 Un3r
100 ## - MAIN ENTRY--PERSONAL NAME
Personal name United Kingdom. Committee on Privacy
245 ## - TITLE STATEMENT
Title Report of the committee on Privacy
260 ## - PUBLICATION, DISTRIBUTION, ETC.
Place of publication, distribution, etc. London
Name of publisher, distributor, etc. Her Majesty's Stationery Office
Date of publication, distribution, etc. 1972
300 ## - PHYSICAL DESCRIPTION
Extent 349+p.
500 ## - GENERAL NOTE
General note Chairman: Kenneth Younger
700 ## - ADDED ENTRY--PERSONAL NAME
Personal name Younger, Kenneth, Chairman
Holdings
Withdrawn status Lost status Damaged status Not for loan Permanent Location Current Location Date acquired Full call number Barcode Date last seen Price effective from Koha item type
        Indian Institute of Public Administration Indian Institute of Public Administration 2018-08-04 C41x42 Un3r G11487 2018-08-04 2018-08-04 G

Powered by Koha